00246nam a2200109Ia 4500008004100000100002100041245001900062260002100081650001000102942000700112999001700119190216s9999||||xx |||||||||||||| ||und|| aJaganath Prasath 0aHindi-Samarpan bRavindra Prakash aHindi cBK c15280d15280